Dubliners

Bibliographic Details
Main Author: Joyce, James
Format: Book
Published: London : Granada Publishing Limited , 1985

MARC

LEADER 00000cam a2200000 7i4500
001 0000009863
002 000010741
005 20000330.0
020 |a 0586044760 
090 0 0 |a F   |b JOY 
100 1 |a Joyce, James 
245 1 0 |a Dubliners   |c James Joyce 
260 |a London :   |b Granada Publishing Limited ,   |c 1985 
300 |a 207 p. ;   |c 17 cm. 
999 |a 0011816   |b BUKU   |c PINJAMAN   |e PERPUSTAKAAN KOMUNITI PETALING JAYA